Passwords to a happy life/ (Record no. 162096)
[ view plain ]
| 000 -LEADER | |
|---|---|
| fixed length control field | 00573nam a2200181 4500 |
| 005 - DATE AND TIME OF LATEST TRANSACTION | |
| control field | 20190305155616.0 |
| 010 ## - LCCN (DPL NO) | |
| LC control number | ENG-124834 |
| 020 ## - INTERNATIONAL STANDARD BOOK NUMBER | |
| International Standard Book Number | 9789387696181 |
| Terms of availability | 150.00 |
| 035 ## - SYSTEM CONTROL NUMBER | |
| System control number | EN-108366 |
| 037 ## - SOURCE OF ACQUISITION | |
| Source of stock number/acquisition | DBAD/PUB |
| 082 ## - DEWEY DECIMAL CLASSIFICATION NUMBER | |
| Classification number | 158.1 |
| 100 ## - MAIN ENTRY--PERSONAL NAME | |
| Personal name | Sirshree |
| 245 ## - TITLE STATEMENT | |
| Title | Passwords to a happy life/ |
| Statement of responsibility, etc | by Sirshree |
| 260 ## - PUBLICATION, DISTRIBUTION, ETC. (IMPRINT) | |
| Place of publication, distribution, etc | Pune |
| Name of publisher, distributor, etc | Wow Publishings |
| Date of publication, distribution, etc | 2018 |
| 270 ## - ADDRESS | |
| Address | E-4,Vaibhav,Nagar,near,Tapovan Mandir,Pimpri, |
| City | Pune |
| Postal code | 411017 |
| Telephone number | 91-9011013210 |
| Electronic mail address | www.gethappythoughts.org|www.tejgyan.org |
| 300 ## - PHYSICAL DESCRIPTION | |
| Extent | 127p. |
| Dimensions | 20cm(pbk) |
| 942 ## - ADDED ENTRY ELEMENTS (KOHA) | |
| Source of classification or shelving scheme | Dewey Decimal Classification |
| Item type | English Books |
| Classification part | 158.1 |
| Call number suffix | SIR |
| Withdrawn status | Lost status | Not for loan | Collection code | Home library | Current library | Date acquired | Source of acquisition | Cost, normal purchase price | Full call number | Barcode | Copy number | Cost, replacement price | Koha item type |
|---|---|---|---|---|---|---|---|---|---|---|---|---|---|
| Non-fiction | Ashok Vihar | Ashok Vihar | 05/03/2019 | DBAD/PUB | 150.00 | 158.1 SIR | EN-108366 | 1 | 150.00 | English Books |
